[Event "R5-B-CEIT/St Foy"]
[Site "?"]
[Date "2002.11.17"]
[Round "6.2"]
[White "Deliot, Philippe"]
[Black "Druilhe"]
[Result "1-0"]
[WhiteElo "1300"]
[BlackElo "1340"]
[EventDate "2003.01.23"]
[PlyCount "75"]
[SourceDate "2003.01.23"]

1.d4 d5 2.Nc3 Nf6 3.e4 dxe4 4.f3 e3 5.Bxe3 Bf5 6.Bd3 Bg6 7.Nge2 Nbd7 8.Nf4
e6 9.Ne4 Nxe4 10.Nxg6 hxg6 11.fxe4 e5 12.d5 a6 13.Qf3 Nc5 14.Bc4 Qh4+ 15.
g3 Qxe4 16.Qxe4 Nxe4 17.O-O-O Bc5 18.Rde1 Bxe3+ 19.Rxe3 O-O-O 20.Rxe4 Rhe8
21.Rhe1 b5 22.Bb3 a5 23.c4 a4 24.Bc2 bxc4 25.Bxa4 Re7 26.Rxe5 Rxe5 27.Rxe5
Rh8 28.Re8+ Rxe8 29.Bxe8 f6 30.Bxg6 Kd7 31.Kc2 Kd6 32.Bf7 g5 33.Kc3 f5 34.
Kxc4 f4 35.gxf4 gxf4 36.Bh5 Ke5 37.Bf3 Kd6 38.h4 1-0

[Event "R5-B-Colomiers/Montauban"]
[Site "?"]
[Date "2002.11.17"]
[Round "1.2"]
[White "Hantisse, Alain"]
[Black "Keinlen, Gerard"]
[Result "1-0"]
[WhiteElo "1860"]
[BlackElo "1510"]
[EventDate "2003.01.23"]
[PlyCount "97"]
[SourceDate "2003.01.23"]

1.e4 d6 2.d4 Nf6 3.Nc3 g6 4.Nf3 Bg7 5.h3 O-O 6.Bd3 Nbd7 7.Be3 c6 8.Qd2 Kh8
9.Bh6 e5 10.Bxg7+ Kxg7 11.dxe5 dxe5 12.O-O-O b5 13.g4 Rh8 14.Ne2 Qe7 15.
Ng3 Bb7 16.g5 Ne8 17.Bxb5 Nb6 18.Be2 c5 19.Qc3 c4 20.Qxe5+ Qxe5 21.Nxe5 f6
22.gxf6+ Nxf6 23.f3 a5 24.Nxc4 Nxc4 25.Bxc4 h5 26.e5 Bxf3 27.exf6+ Kf8 28.
Bd5 Bxd1 29.Bxa8 Kf7 30.Bd5+ Kxf6 31.Rxd1 Ke5 32.Bf7 h4 33.Re1+ Kf6 34.
Rf1+ Kg7 35.Ne4 Rd8 36.c4 Rd4 37.Bd5 Kh6 38.Kc2 g5 39.Kc3 g4 40.hxg4 h3 
41.Kxd4 h2 42.Rh1 a4 43.Rxh2+ Kg6 44.c5 a3 45.b4 Kg7 46.b5 Kf8 47.b6 Ke7 
48.b7 Kf8 49.Rh7 1-0

[Event "R5-B-Millau/Blaye les M"]
[Site "?"]
[Date "2002.11.17"]
[Round "1.2"]
[White "Carriere, Jean-Philippe"]
[Black "Olle, Jean Pierre"]
[Result "1/2-1/2"]
[WhiteElo "1870"]
[BlackElo "1850"]
[EventDate "2003.01.23"]
[PlyCount "84"]
[SourceDate "2003.01.23"]

1.e4 c5 2.Nf3 d6 3.d4 cxd4 4.Nxd4 Nf6 5.Nc3 e6 6.f3 Be7 7.Be3 a6 8.Qd2 Qc7
9.O-O-O Nc6 10.g4 Ne5 11.Qg2 Nc4 12.Bxc4 Qxc4 13.g5 Nd7 14.f4 Rb8 15.f5 e5
16.Nb3 b5 17.Rhf1 Bb7 18.Na5 Qc7 19.Nxb7 Qxb7 20.Nd5 Bf8 21.h4 Rc8 22.h5 
f6 23.h6 Qc6 24.Rd2 a5 25.g6 Kd8 26.gxh7 Rxh7 27.Qg6 Qc4 28.Rff2 Qxa2 29.
Kd1 Rxh6 30.Bxh6 gxh6 31.Nxf6 Nxf6 32.Qxf6+ Ke8 33.Qg6+ Kd8 34.Rxd6+ Bxd6 
35.Qxd6+ Ke8 36.Qxe5+ Kf7 37.Qd5+ Qxd5+ 38.exd5 Rd8 39.Rd2 Kf6 40.d6 Kxf5 
41.Rd5+ Ke6 42.Rxb5 Rxd6+ 1/2-1/2

[Event "R5-B-St Foy/CEIT"]
[Site "?"]
[Date "2002.11.17"]
[Round "3.2"]
[White "Bakouche, Paul"]
[Black "Ajdary, Emmanuel"]
[Result "1/2-1/2"]
[WhiteElo "1630"]
[BlackElo "1470"]
[EventDate "2003.01.23"]
[PlyCount "109"]
[SourceDate "2003.01.23"]

1.a3 e5 2.c4 Nc6 3.d3 Nf6 4.Nf3 h6 5.Nc3 a5 6.g3 d5 7.cxd5 Nxd5 8.Bg2 Be6 
9.O-O Bc5 10.e3 O-O 11.Qc2 Qd7 12.Nxd5 Qxd5 13.Ng5 Qb3 14.Qxb3 Bxb3 15.Ne4
Bb6 16.Bd2 Rfd8 17.Bc3 Rxd3 18.Nd2 Bd5 19.e4 Be6 20.Nf3 f6 21.Rfd1 Rad8 
22.Rxd3 Rxd3 23.Nh4 Kh7 24.Bf1 Rd8 25.Kg2 Bb3 26.Be2 Bc2 27.f3 Bd4 28.Rc1 
Bxc3 29.Rxc2 Rd2 30.Rxd2 Bxd2 31.a4 Nd4 32.Bc4 g6 33.Kf2 c6 34.Bf7 g5 35.
Nf5 b5 36.Nxd4 exd4 37.Ke2 Bc1 38.axb5 cxb5 39.b3 a4 40.Kd3 a3 41.b4 Kg7 
42.Bb3 Bb2 43.Kc2 Kf8 44.Kb1 Ke7 45.Bc2 Bc3 46.Bd3 Bxb4 47.Bxb5 Kd6 48.Bd3
Kc5 49.Ka2 Kb6 50.Kb3 Bc5 51.Bc4 Ka5 52.Kc2 Kb4 53.Kd3 Ka4 54.Ba2 Kb4 55.
h3 1/2-1/2

[Event "R5-B-Montauban/Colomiers"]
[Site "?"]
[Date "2002.11.17"]
[Round "6.2"]
[White "Delachoux, Didier"]
[Black "Marouani, Selim"]
[Result "0-1"]
[WhiteElo "1499"]
[BlackElo "1360"]
[EventDate "2003.01.23"]
[PlyCount "70"]
[SourceDate "2003.01.23"]

1.c4 e5 2.Nc3 Nf6 3.Nf3 Nc6 4.e3 Bc5 5.Be2 O-O 6.d4 exd4 7.exd4 Bb4 8.Bd2 
d5 9.cxd5 Nxd5 10.a3 Nxc3 11.bxc3 Bd6 12.O-O Bg4 13.d5 Bxf3 14.Bxf3 Ne5 
15.Rb1 b6 16.Re1 Qf6 17.Re3 Nxf3+ 18.Rxf3 Qh4 19.g3 Qe4 20.Bc1 Qxb1 21.Qd2
Bxa3 22.Kg2 Bxc1 23.Qe1 Rfe8 24.Qd1 Qb2 25.c4 Bh6 26.Rb3 Qe2 27.Qxe2 Rxe2 
28.Rd3 Rae8 29.Kf3 Rd2 30.Ra3 a5 31.Rc3 Ree2 32.Rd3 Rxf2+ 33.Ke4 Rxd3 34.
Kxd3 Rb2 35.h3 a4 0-1

[Event "R5-B-Castel M 1/Montech"]
[Site "?"]
[Date "2002.11.17"]
[Round "2.2"]
[White "Riviere, Frederic"]
[Black "Vuaillat, Jack"]
[Result "1-0"]
[WhiteElo "1720"]
[BlackElo "1700"]
[EventDate "2003.01.23"]
[PlyCount "107"]
[SourceDate "2003.01.23"]

1.e4 e5 2.Bc4 Nf6 3.d3 Bc5 4.Nf3 Nc6 5.Nc3 d6 6.h3 O-O 7.O-O h6 8.Na4 Bb6 
9.Nxb6 axb6 10.Be3 Bd7 11.a3 Na5 12.Ba2 c5 13.b4 Nc6 14.c3 Kh7 15.b5 Ne7 
16.a4 Ng6 17.Bd5 Nxd5 18.exd5 f5 19.Ng5+ Kg8 20.Ne6 Bxe6 21.dxe6 f4 22.Bd2
Qf6 23.Qf3 Qxe6 24.Qxb7 Rfb8 25.Qf3 Ne7 26.c4 Nf5 27.Bc3 g5 28.Rfe1 Kh7 
29.Qc6 Ne7 30.Qe4+ Qf5 31.Qf3 Kg6 32.a5 bxa5 33.Rxa5 Rxa5 34.Bxa5 Qd7 35.
Qe4+ Kg7 36.Bc3 Rb7 37.Ra1 Ra7 38.Re1 Qf5 39.Qf3 Qc8 40.Qe4 Qb7 41.Bxe5+ 
dxe5 42.Qxe5+ Kf7 43.Qxc5 Qd7 44.b6 Rb7 45.d4 Nc8 46.Rb1 Kg6 47.d5 h5 48.
Qd4 Qf5 49.Rb2 f3 50.g4 hxg4 51.hxg4 Qf8 52.c5 Rf7 53.b7 Qh6 54.bxc8=Q 1-0

[Event "R3R6 Loures Barousse  / Muret 3"]
[Site "Loures Barousse"]
[Date "2002.12.08"]
[Round "3.3"]
[White "Ponsolle, René"]
[Black "Barraud, Claudine"]
[Result "1/2-1/2"]
[WhiteElo "1500"]
[BlackElo "1230"]
[EventDate "2002.??.??"]
[PlyCount "98"]

1.e4 e5 2.Nf3 Nc6 3.Bb5 a6 4.Ba4 Nf6 5.d3 Be7 6.c3 b5 7.Bc2 O-O 8.O-O d5 
9.exd5 Nxd5 10.h3 Bb7 11.Re1 Bf6 12.Nbd2 Re8 13.Ne4 Nf4 14.Be3 Ne7 15.
Nxf6+ gxf6 16.Bxf4 exf4 17.d4 Ng6 18.Qd3 Re7 19.Nh2 Qd5 20.f3 Rae8 21.Rxe7
Rxe7 22.Ng4 Kg7 23.Qf1 f5 24.Nf2 Nh4 25.Nd3 Qd6 26.Qf2 Ng6 27.Re1 Re6 28.
Nc5 Rxe1+ 29.Qxe1 Qd5 30.Nxb7 Qxb7 31.Bxf5 Qd5 32.Bb1 c5 33.dxc5 Qxc5+ 34.
Kh2 Qg5 35.Qf2 Nh4 36.g3 fxg3+ 37.Qxg3 Qxg3+ 38.Kxg3 Ng6 39.a4 Ne5 40.axb5
axb5 41.b3 Nd7 42.Kf4 h6 43.c4 b4 44.Bc2 Kf6 45.h4 Nc5 46.Ke3 Ke6 47.Kd4 
Kd6 48.f4 Ne6+ 49.Ke3 Nc5 1/2-1/2

[Event "R5"]
[Site "?"]
[Date "2002.12.08"]
[Round "3"]
[White "BENGUENEB, Smail"]
[Black "SICRET, Francis"]
[Result "0-1"]
[WhiteElo "1470"]
[BlackElo "1410"]
[EventDate "2002.??.??"]
[Annotator "Ste-Foyd'A-Montech"]
[PlyCount "140"]

1.e4 e5 2.Nf3 Nc6 3.Bb5 a6 4.Bxc6 dxc6 5.O-O f6 6.d3 Bc5 7.Nbd2 b5 8.Nb3 
Bb6 9.Be3 Ne7 10.Nfd2 O-O 11.a4 Be6 12.Nc5 Bf7 13.a5 Ba7 14.b4 f5 15.f3 
Qd6 16.Kh1 f4 17.Bf2 Qg6 18.Nd7 Rfe8 19.Nxe5 Qf6 20.Nd7 Qd6 21.Nc5 Ng6 22.
Rb1 Ne5 23.Qc1 g5 24.d4 Ng6 25.e5 Qd5 26.Nde4 Kh8 27.Nf6 Qc4 28.Nxe8 Rxe8 
29.c3 Ne7 30.Qd2 Nd5 31.Rbc1 h5 32.Ne4 Rg8 33.Nc5 g4 34.Bh4 Ne3 35.Rg1 Bd5
36.Ne4 c5 37.Bf6+ Kh7 38.Ng5+ Kg6 39.bxc5 c6 40.Qb2 Bb8 41.Qb1+ Nf5 42.
fxg4 hxg4 43.Ne4 Bc7 44.Rgf1 f3 45.gxf3 gxf3 46.Rxf3 Qe2 47.Rf4 Kf7 48.Rg1
Rxg1+ 49.Kxg1 Qe3+ 50.Nf2 Qxf4 51.Qd3 Qc1+ 52.Nd1 Bc4 53.Qf3 Ke6 54.Qg4 
Kf7 55.Qh5+ Ke6 56.Qe8+ Kd5 57.Qg8+ Ke4 58.Qg2+ Kd3 59.Qf3+ Ne3 60.Bg5 
Qxd1+ 61.Qxd1+ Nxd1 62.h4 Bf7 63.d5 cxd5 64.c6 Nxc3 65.Bf4 b4 66.e6 Ne2+ 
67.Kf1 Nxf4 68.exf7 Ng6 69.h5 Nf8 70.Ke1 Kc2 0-1

[Event "R5"]
[Site "?"]
[Date "2002.12.08"]
[Round "3"]
[White "Lamata, Fabrice"]
[Black "Vuaillat, Jack"]
[Result "0-1"]
[WhiteElo "1499"]
[BlackElo "1700"]
[EventDate "2002.??.??"]
[Annotator "Ste-Foyd'A-Montech"]
[PlyCount "116"]

1.e4 g6 2.Nc3 Bg7 3.Nf3 d6 4.h3 Nd7 5.d4 a6 6.Be3 b5 7.a3 Bb7 8.Bd3 Ngf6 
9.Qd2 O-O 10.Bh6 e5 11.d5 Nc5 12.Bxg7 Kxg7 13.Qe3 Nh5 14.g4 Nf4 15.Rh2 c6 
16.b4 Ncxd3+ 17.cxd3 cxd5 18.Ne2 Nxd3+ 19.Qxd3 dxe4 20.Qd2 exf3 21.Ng3 Rc8
22.h4 Qf6 23.h5 Qf4 24.Qxf4 exf4 25.h6+ Kf6 26.Nf1 Rc3 27.Nd2 Re8+ 28.Kd1 
Re2 29.Ra2 Kg5 30.a4 Bd5 31.Rc2 Rxc2 32.Kxc2 bxa4 33.Kc3 a3 34.Nb3 a2 35.
Rh1 Bxb3 36.Kxb3 Rxf2 37.Rd1 Kxg4 38.Kc4 Re2 39.Rg1+ Kf5 40.Kd5 Rd2+ 41.
Kc6 Ke5 42.Kd7 Rb2 43.Ke7 Rb1 44.Rg5+ f5 45.Kf7 Rxb4 46.Rxg6 Rb7+ 47.Kg8 
hxg6 48.h7 Ke6 49.h8=Q Rb8+ 50.Kg7 a1=Q+ 51.Kxg6 Qg1+ 52.Kh7 Qh2+ 53.Kg6 
Qg3+ 54.Kh7 Qh4+ 55.Kg6 Qg4+ 56.Kh7 Qh5+ 57.Kg7 Qxh8+ 58.Kg6 Rg8# 0-1

[Event "R5"]
[Site "?"]
[Date "2002.12.08"]
[Round "3"]
[White "LECOULTRE, Patrick"]
[Black "PETERKA, Alojz"]
[Result "1/2-1/2"]
[WhiteElo "1630"]
[BlackElo "1540"]
[EventDate "2002.??.??"]
[Annotator "Ste-Foyd'A-Montech"]
[PlyCount "127"]

1.e4 c5 2.Nc3 e5 3.Bc4 Nf6 4.d3 Nc6 5.f4 a6 6.Nf3 Bd6 7.Ng5 O-O 8.O-O b5 
9.fxe5 Bxe5 10.Bd5 Qc7 11.Qf3 Bxh2+ 12.Kh1 Be5 13.Nh3 d6 14.Bg5 Ra7 15.
Bxf6 Bxf6 16.Qh5 Ne5 17.Rxf6 gxf6 18.Rf1 Qe7 19.Nf4 Bg4 20.Qh6 Kh8 21.g3 
b4 22.Nd1 Rg8 23.Ne3 Be6 24.Kg2 Ng4 25.Nxg4 Bxg4 26.Rh1 Rg7 27.Rf1 Qe5 28.
Bb3 Be6 29.Nh5 Qg5 30.Qxg7+ Qxg7 31.Nxg7 Kxg7 32.Kf3 Bxb3 33.axb3 a5 34.
Ra1 Kg6 35.Kf4 Ra6 36.g4 h6 37.Ra2 Ra7 38.Ra1 Ra8 39.Rh1 a4 40.Ra1 a3 41.
bxa3 bxa3 42.Ra2 Ra5 43.c3 h5 44.gxh5+ Kxh5 45.c4 Kg6 46.Rg2+ Kh7 47.Ra2 
Kg7 48.Kf5 Ra6 49.Kf4 Kf8 50.Ke3 Ke7 51.Kd2 Ke6 52.Kc3 Ke5 53.d4+ Kxe4 54.
dxc5 dxc5 55.b4 cxb4+ 56.Kxb4 Ke5 57.Rxa3 Rxa3 58.Kxa3 Kd6 59.Kb4 f5 60.
Kc3 Kc5 61.Kd3 f6 62.Ke3 Kd6 63.Kf4 Ke6 64.c5 1/2-1/2

[Event "R6R3 Cate 2 / Ramonville 3"]
[Site "Blagnac"]
[Date "2002.12.08"]
[Round "3.3"]
[White "DELAY, Guillaume"]
[Black "LEZAUD, Pascal"]
[Result "1/2-1/2"]
[WhiteElo "1099"]
[BlackElo "1350"]
[PlyCount "117"]

1.e4 c5 2.Nf3 Nc6 3.Bc4 e6 4.Nc3 Nge7 5.d3 g6 6.Be3 d6 7.O-O Bg7 8.d4 cxd4
9.Nxd4 O-O 10.Ndb5 Na5 11.Bb3 Nxb3 12.axb3 d5 13.exd5 Nxd5 14.Nxd5 exd5 
15.c3 a6 16.Nd4 b5 17.b4 Bb7 18.Re1 Rc8 19.Nb3 Ra8 20.Na5 Bc8 21.Bc5 Re8 
22.Rxe8+ Qxe8 23.Qxd5 Be6 24.Qb7 Rd8 25.Qe4 Qd7 26.h3 Qd2 27.Nc6 Re8 28.
Nd4 Bd7 29.Qd5 Re1+ 30.Rxe1 Qxe1+ 31.Kh2 Be5+ 32.g3 Qxf2+ 33.Kh1 Qe1+ 34.
Kg2 Qxg3+ 35.Kf1 Bxh3+ 36.Ke2 Bg4+ 37.Nf3 Qg2+ 38.Ke3 Qxf3+ 39.Qxf3 Bxf3 
40.Kxf3 f5 41.Be7 Kf7 42.Bd8 Ke6 43.Ke3 Kd5 44.Kd3 h5 45.b3 f4 46.c4+ 
bxc4+ 47.bxc4+ Kc6 48.Ke4 Bd6 49.c5 Bb8 50.Bg5 Bc7 51.Kf3 Kb5 52.Bxf4 Bd8 
53.Bd2 h4 54.Kg2 g5 55.Kh3 Kc6 56.Kg4 Kd5 57.Be1 a5 58.bxa5 Kxc5 59.Bd2 
1/2-1/2

[Event "R6R3 Cate 2 / Ramonville 3"]
[Site "Blagnac"]
[Date "2002.12.08"]
[Round "3.2"]
[White "MEHADEHBI, Karim"]
[Black "POUSSY, Daniel"]
[Result "1-0"]
[WhiteElo "1499"]
[BlackElo "1410"]
[PlyCount "117"]

1.c4 b6 2.e4 Nc6 3.d4 d6 4.Nf3 Bg4 5.Qa4 Qd7 6.Nbd2 Ne5 7.Qb3 Nxf3+ 8.Nxf3
Nf6 9.Bd3 Bxf3 10.gxf3 g6 11.d5 Bg7 12.c5 O-O 13.c6 Qh3 14.Bf1 Qh4 15.Be3 
Nh5 16.O-O-O Nf4 17.h3 Be5 18.Rg1 h5 19.Qb4 e6 20.dxe6 Nxe6 21.Bc4 a5 22.
Qd2 Nf4 23.Kb1 Qf6 24.h4 Kg7 25.Rg5 Rad8 26.Rdg1 Nh3 27.Rf5 Qe7 28.Bh6+ 
Kh8 29.Bxf8 Qxf8 30.Rxf7 Bf4 31.Rxf8+ Rxf8 32.Qe1 Nxg1 33.Qxg1 Kg7 34.Qg2 
Be5 35.Qh3 Kh6 36.a4 Rf6 37.b3 Bd4 38.Qg2 Kg7 39.Be2 Rf4 40.Qh2 {0} 40...
Rf7 41.f4 Bf6 42.Qg3 Kh7 43.f5 Rg7 44.fxg6+ Rxg6 45.Qf3 Rh6 46.Qf5+ Kg7 
47.Bxh5 Kf8 48.f4 Kg8 49.e5 dxe5 50.fxe5 Bg7 51.e6 Rf6 52.Qd5 Rf1+ 53.Kc2 
Bf6 54.e7+ Kg7 55.e8=Q Rf2+ 56.Kd3 Bxh4 57.Qg6+ Kf8 58.Qgf7+ Rxf7 59.Qxf7#
1-0

[Event "R3R6 Loures Barousse  / Muret 3"]
[Site "Loures Barousse"]
[Date "2002.12.08"]
[Round "3.4"]
[White "Durrieu, Etienne"]
[Black "Cordier, Michel"]
[Result "0-1"]
[WhiteElo "1080"]
[BlackElo "1360"]
[EventDate "2002.??.??"]
[PlyCount "96"]

1.e4 d6 2.d4 Nf6 3.Nc3 g6 4.Nf3 Bg7 5.Bc4 O-O 6.O-O Bg4 7.d5 c6 8.h3 Bxf3 
9.Qxf3 cxd5 10.exd5 Nbd7 11.Ne4 Ne5 12.Qe2 Rc8 13.b3 Nxe4 14.Qxe4 Nxc4 15.
Rb1 Nb6 16.c4 Re8 17.Bb2 Bxb2 18.Rxb2 e6 19.g3 exd5 20.Qh4 dxc4 21.Qxd8 
Rexd8 22.b4 d5 23.Re1 Kf8 24.Ree2 Re8 25.Kf1 Rxe2 26.Rxe2 Re8 27.Rd2 Rd8 
28.Rd4 Na4 29.Rh4 Kg7 30.Ke2 Nc3+ 31.Ke3 Nxa2 32.b5 Nc3 33.Kd4 Nxb5+ 34.
Kc5 Nc7 35.Kb4 b5 36.Rd4 a6 37.Rd1 d4 38.Re1 Ne6 39.Ka5 Rd6 40.f4 d3 41.
Kb4 d2 42.Rd1 Rd3 43.Ka5 c3 44.Kxa6 c2 45.Rxd2 Rxd2 46.Kxb5 c1=Q 47.Ka5 
Rb2 48.f5 Qa1# 0-1

[Event "R6R3 Rodez 2 / L'union"]
[Site "Rodez"]
[Date "2002.12.08"]
[Round "3.1"]
[White "CREMERS, Bertrand"]
[Black "SABLAYROLLES, Didier"]
[Result "0-1"]
[WhiteElo "1499"]
[BlackElo "1710"]
[PlyCount "76"]

1.e4 d5 2.exd5 Qxd5 3.Nc3 Qd8 4.d4 Nf6 5.Nf3 e6 6.Be2 Bd6 7.O-O c6 8.Bg5 
Nbd7 9.Re1 O-O 10.Bd3 Qc7 11.Ne4 Nxe4 12.Bxe4 e5 13.c3 f5 14.Bc2 e4 15.
Bb3+ Kh8 16.Nh4 Nf6 17.Bxf6 Bxh2+ 18.Kh1 Rxf6 19.Qh5 Bd7 20.Re3 Rh6 21.
Qxh6 gxh6 22.g3 f4 23.Rxe4 fxg3 24.fxg3 Bxg3 25.Rg1 Re8 26.Rxe8+ Bxe8 27.
Nf5 Bg6 28.Nxg3 Qf4 29.Kh2 h5 30.Kg2 h4 31.Kh3 hxg3 32.Rxg3 Qf1+ 33.Kh4 
Qh1+ 34.Kg4 Qe4+ 35.Kh3 Bf5+ 36.Kh2 Qh4+ 37.Kg2 Be4+ 38.Kf2 Qf4+ 0-1

[Event "R6R3 Rodez 2 / L'union"]
[Site "Rodez"]
[Date "2002.12.08"]
[Round "3.3"]
[White "LAUMOND, Olivier"]
[Black "IVANOFF, Dimitri"]
[Result "1-0"]
[WhiteElo "1499"]
[BlackElo "1470"]
[PlyCount "99"]

1.d4 d5 2.Nf3 Nc6 3.c4 e6 4.Nc3 h6 5.e3 Nf6 6.cxd5 Nxd5 7.Bd3 a6 8.a4 Bd6 
9.e4 Nf4 10.Bxf4 Bxf4 11.e5 Nxd4 12.Nxd4 Bxe5 13.Nf3 b6 14.Nxe5 Bb7 15.O-O
Qg5 16.Nf3 Qe7 17.Re1 O-O-O 18.Qc2 Kb8 19.Rad1 Rd6 20.Be4 Rhd8 21.Bxb7 
Kxb7 22.Qe4+ Ka7 23.b4 f5 24.Qc2 Rc6 25.Rxd8 Qxd8 26.Rd1 Rxc3 27.Rxd8 Rxc2
28.g3 Kb7 29.Re8 Re2 30.Nd4 Re1+ 31.Kg2 e5 32.Nxf5 Re4 33.b5 axb5 34.axb5 
g6 35.Ne7 Rb4 36.Nxg6 Rxb5 37.Rxe5 c5 38.Ne7 Ka6 39.Nd5 Ka5 40.Ne3 Rb4 41.
h4 Ka4 42.g4 Kb3 43.h5 c4 44.Rf5 c3 45.Nd5 Rxg4+ 46.Kh3 Rg5 47.Rxg5 c2 48.
Rg1 Kb2 49.Nxb6 c1=Q 50.Rxc1 1-0

[Event "R5"]
[Site "?"]
[Date "2002.12.08"]
[Round "3"]
[White "Balard, Philippe"]
[Black "Masse, Alexandre"]
[Result "1/2-1/2"]
[WhiteElo "1499"]
[BlackElo "1600"]
[EventDate "2002.??.??"]
[Annotator "Castelmoissac1-Millau"]
[PlyCount "109"]

1.e4 e5 2.Nf3 Nf6 3.Nc3 d6 4.d4 exd4 5.Nxd4 Be7 6.Be3 a6 7.h3 Bd7 8.Bd3 
Nc6 9.a3 Nxd4 10.Bxd4 Bc6 11.Qf3 Qd7 12.O-O-O O-O-O 13.Nd5 Ne8 14.e5 Bxd5 
15.Qxd5 dxe5 16.Qxd7+ Rxd7 17.Bxe5 Kb8 18.Bf5 Rxd1+ 19.Rxd1 Bd6 20.Bxd6 
Nxd6 21.Bd3 h6 22.Re1 Re8 23.Rxe8+ Nxe8 24.Kd2 a5 25.Ke3 Nd6 26.b3 Kc8 27.
Kd4 b6 28.a4 Kd7 29.f3 f6 30.Bb5+ c6 31.Bd3 Ke6 32.g4 c5+ 33.Ke3 Nc8 34.
Bf5+ Kd5 35.Bxc8 c4 36.Bb7+ Kc5 37.bxc4 Kxc4 38.Kd2 Kb4 39.Bc6 Kc5 40.Bb5 
Kd4 41.c3+ Ke5 42.Ke3 f5 43.f4+ Kf6 44.Kd4 fxg4 45.hxg4 Ke6 46.f5+ Kf6 47.
Kd5 Kg5 48.Be2 Kf4 49.Kc6 Ke3 50.Bd1 Kd2 51.Bf3 Kxc3 52.Kb5 Kb3 53.Bd1+ 
Kc3 54.Kxb6 Kd2 55.Kxa5 1/2-1/2

[Event "R5"]
[Site "?"]
[Date "2002.12.08"]
[Round "3"]
[White "Chevalier, Pierre"]
[Black "Delachoux, Didier"]
[Result "1/2-1/2"]
[WhiteElo "1350"]
[BlackElo "1499"]
[EventDate "2002.??.??"]
[Annotator "Montauban-CEIT"]
[PlyCount "54"]

1.e4 e6 2.d4 d5 3.Nd2 Nf6 4.e5 Nfd7 5.Ngf3 c5 6.c3 Nb6 7.Be2 Nc6 8.Nb1 Bd7
9.O-O h6 10.Re1 Be7 11.Bb5 a6 12.Bxc6 Bxc6 13.Nbd2 Qd7 14.b3 c4 15.Rb1 a5 
16.Kh1 Bb5 17.bxc4 Ba4 18.Qe2 Nxc4 19.Nxc4 dxc4 20.Nd2 b5 21.Qf3 Rb8 22.
Nf1 Bc2 23.Rb2 Bd3 24.Ng3 Bg6 25.Bf4 Qb7 26.Qxb7 Rxb7 27.Rd1 O-O 1/2-1/2

[Event "R3R6 Loures Barousse  / Muret 3"]
[Site "Loures Barousse"]
[Date "2002.12.08"]
[Round "3.1"]
[White "Ribou, Jacques"]
[Black "Heude, Jean-Noel"]
[Result "1-0"]
[WhiteElo "1780"]
[BlackElo "1500"]
[EventDate "2002.??.??"]
[PlyCount "105"]

1.e4 e5 2.Nf3 Nc6 3.Bc4 Bc5 4.c3 Nf6 5.d3 O-O 6.Bg5 d6 7.h3 Qe7 8.Nbd2 Nd8
9.Nf1 Be6 10.Bb3 Bxb3 11.Qxb3 Bb6 12.Ne3 Bxe3 13.Bxe3 c6 14.c4 Ne6 15.O-O 
Nh5 16.g3 Nc5 17.Qc2 Qf6 18.Kg2 Qe6 19.Nh4 Rac8 20.Qe2 Nf6 21.Kh2 b6 22.f4
exf4 23.Bxf4 Rfe8 24.b4 Ncd7 25.Nf5 Red8 26.Nxd6 Ra8 27.e5 Ne8 28.Rae1 
Nxd6 29.exd6 Re8 30.Qxe6 Rxe6 31.Rxe6 fxe6 32.Re1 Re8 33.d4 c5 34.bxc5 
bxc5 35.d5 e5 36.Be3 Rf8 37.Kg2 Rf6 38.Rb1 Rxd6 39.Rb5 a6 40.Ra5 e4 41.
Bxc5 Nxc5 42.Rxc5 Kf7 43.Rc6 Ke7 44.Rxd6 Kxd6 45.Kf2 g5 46.Ke3 Ke5 47.a4 
a5 48.g4 h6 49.Kf2 Kd6 50.Ke2 Ke5 51.Ke3 Kd6 52.Kxe4 Kd7 53.Kf5 1-0

[Event "R5"]
[Site "?"]
[Date "2002.12.08"]
[Round "3"]
[White "Lafuma, Antoine"]
[Black "Kienlen, Gérard"]
[Result "1-0"]
[WhiteElo "1560"]
[BlackElo "1510"]
[EventDate "2002.??.??"]
[Annotator "Montauban-CEIT"]
[PlyCount "53"]

1.e4 d6 2.d4 Nf6 3.Nc3 g6 4.Bg5 Bg7 5.Qd2 O-O 6.O-O-O c6 7.Nf3 Bg4 8.Qf4 
Bxf3 9.Qxf3 Nfd7 10.Bc4 b5 11.Bb3 a5 12.a3 b4 13.Ne2 bxa3 14.bxa3 Qe8 15.
h4 Kh8 16.h5 e6 17.hxg6 fxg6 18.Qh3 h5 19.Nf4 d5 20.Nxe6 Rxf2 21.exd5 Ra7 
22.Rde1 Qc8 23.Nxg7 Kxg7 24.Re7+ Kh8 25.dxc6 Nxc6 26.Qxh5+ gxh5 27.Rxh5# 
1-0

[Event "R5"]
[Site "?"]
[Date "2002.12.08"]
[Round "3"]
[White "BONNET, Daniel"]
[Black "LAFAURIE, Florent"]
[Result "0-1"]
[WhiteElo "1499"]
[BlackElo "1499"]
[EventDate "2002.??.??"]
[Annotator "Montauban-CEIT"]
[PlyCount "56"]

1.e4 c6 2.d4 d5 3.exd5 cxd5 4.Nf3 Nc6 5.Bb5 Bd7 6.Nc3 e6 7.Bg5 f6 8.Bh4 
Bb4 9.O-O Qb6 10.Qd3 Bxc3 11.bxc3 Nge7 12.Rab1 Nf5 13.Bxc6 Qxc6 14.Rfe1 
O-O 15.c4 b6 16.cxd5 Qxd5 17.c4 Qa5 18.a3 Rad8 19.d5 Nxh4 20.Nxh4 e5 21.h3
Qc5 22.Rec1 Kh8 23.Qg3 g5 24.Nf3 h5 25.h4 g4 26.Nd2 f5 27.Qxe5+ Kh7 28.
Qe7+ Qxe7 0-1

[Event "R5"]
[Site "?"]
[Date "2002.12.08"]
[Round "3"]
[White "Lafforgue, Jean-Michel"]
[Black "Palos, Jean-Luc"]
[Result "1-0"]
[WhiteElo "1660"]
[BlackElo "1440"]
[EventDate "2002.??.??"]
[Annotator "Montauban-CEIT"]
[PlyCount "24"]

1.d4 d5 2.Nf3 Nc6 3.e3 e6 4.c4 Nf6 5.Bd3 h6 6.O-O Be7 7.a3 O-O 8.Qe2 Bd6 
9.c5 Be7 10.b4 Nb8 11.Rd1 Nbd7 12.e4 dxe4 {Partie illisible,Les blancs 
gagnent en 32 coups} 1-0

[Event "R6R3  Ste Foy 2 / Muret 4"]
[Site "Ste Foy"]
[Date "2002.12.08"]
[Round "3.1"]
[White "LESQUEREN, Antoine"]
[Black "FABRE, Pierre"]
[Result "0-1"]
[WhiteElo "2500"]
[BlackElo "2500"]
[PlyCount "56"]

1.e4 e6 2.Nf3 d5 3.exd5 exd5 4.Nc3 Nf6 5.Qe2+ Be7 6.d3 O-O 7.Bg5 Re8 8.Qd2
h6 9.Bxf6 Bxf6+ 10.Be2 Bg4 11.O-O c6 12.Na4 Nd7 13.c4 Bxf3 14.Bxf3 Ne5 15.
Qf4 Nxd3 16.Qd2 dxc4 17.Rfd1 Qc7 18.Be2 Rad8 19.Bxd3 Rxd3 20.Qb4 b5 21.Nc5
a5 22.Na6 Qd8 23.Rxd3 cxd3 24.Kf1 axb4 25.Nxb4 d2 26.Rd1 Qd6 27.Nc2 Qxh2 
28.Rxd2 Qh1# 0-1

[Event "R5"]
[Site "?"]
[Date "2002.12.08"]
[Round "3"]
[White "TRANCOSO, Mickael"]
[Black "CATALA, Laurent"]
[Result "0-1"]
[WhiteElo "1640"]
[BlackElo "1690"]
[EventDate "2002.??.??"]
[Annotator "Castelmoissac1-Millau"]
[PlyCount "38"]

1.e4 e5 2.Nf3 Nc6 3.Bc4 Bc5 4.O-O d6 5.d3 Nf6 6.c3 Bg4 7.Be3 Bb6 8.Nbd2 
O-O 9.b4 a6 10.Qb3 Qd7 11.Nh4 Be6 12.Bxb6 cxb6 13.f4 exf4 14.Rxf4 d5 15.
exd5 Bxd5 16.Bxd5 Qxd5 17.c4 Qe5 18.Raf1 Nd4 19.Qd1 Ne2+ 0-1

[Event "R5"]
[Site "?"]
[Date "2002.12.08"]
[Round "3"]
[White "Valat, Jean-Marie"]
[Black "Blesing, René"]
[Result "1/2-1/2"]
[WhiteElo "1480"]
[BlackElo "1690"]
[EventDate "2002.??.??"]
[Annotator "Blayes-Colomiers"]
[PlyCount "81"]

1.c4 e5 2.Nc3 Nf6 3.g3 g6 4.Bg2 Bg7 5.d3 c6 6.Nf3 d6 7.Be3 Be6 8.O-O Nbd7 
9.Ng5 d5 10.cxd5 cxd5 11.Nxe6 fxe6 12.Bg5 O-O 13.Qd2 Qb6 14.e4 d4 15.Na4 
Qa6 16.b3 b5 17.Nb2 Rfc8 18.b4 Rc3 19.a4 Rac8 20.axb5 Qxb5 21.Nc4 Qxb4 22.
Rfb1 Qc5 23.Bf1 Ne8 24.Qd1 Nb6 25.Bd2 Nxc4 26.Bxc3 dxc3 27.dxc4 Bh6 28.Rb5
Qc7 29.Qc2 Bd2 30.Rab1 Nd6 31.R5b3 Qc6 32.Rxc3 Bxc3 33.Qxc3 Qc5 34.Bd3 Rf8
35.Qc2 Rc8 36.Rc1 Nf7 37.h4 Nd6 38.Qe2 Qd4 39.h5 Kg7 40.Kg2 a5 41.Rc2 
1/2-1/2

[Event "R5"]
[Site "?"]
[Date "2002.12.08"]
[Round "3"]
[White "Blesing, Alicia"]
[Black "Arlabosse, Nicolas"]
[Result "0-1"]
[WhiteElo "1520"]
[BlackElo "1580"]
[EventDate "2002.??.??"]
[Annotator "Blayes-Colomiers"]
[PlyCount "106"]

1.e4 e5 2.Nf3 Nc6 3.Nc3 Nf6 4.Bc4 Bb4 5.d3 d5 6.exd5 Nxd5 7.Bd2 Nxc3 8.
bxc3 Bc5 9.Qe2 O-O 10.O-O Bd6 11.d4 exd4 12.cxd4 Bg4 13.c3 h6 14.Qe4 Bh5 
15.Bd3 Bg6 16.Qe2 Bxd3 17.Qxd3 Qf6 18.Rfe1 Rfe8 19.c4 Rxe1+ 20.Rxe1 Rd8 
21.Bc3 Bb4 22.Bxb4 Nxb4 23.Qb1 Qb6 24.c5 Qa5 25.Re2 Nc6 26.d5 Nb4 27.d6 
cxd6 28.cxd6 Qa6 29.Rb2 Nc6 30.Rxb7 Rxd6 31.h3 Rd1+ 32.Qxd1 Qxb7 33.Qd5 
Qc8 34.Qc4 Qd7 35.a4 Kf8 36.a5 Qd1+ 37.Kh2 Qd6+ 38.g3 Nxa5 39.Qc8+ Ke7 40.
Nh4 g6 41.Qh8 Qf6 42.Qxf6+ Kxf6 43.Nf3 Nb3 44.Ne1 a5 45.Nc2 Ke5 46.Kg1 Kd5
47.Kf1 Kc4 48.Ke1 Kc3 49.Kd1 Nd4 50.Na3 a4 51.Kc1 Kb3 52.Nb1 Nf3 53.Kd1 
Kb2 0-1

[Event "R6R3 Cahors 2 / Albi 2"]
[Site "Cahors"]
[Date "2002.12.08"]
[Round "3.1"]
[White "NOUVEL, Denis"]
[Black "AUREJAC, Pierre"]
[Result "1/2-1/2"]
[WhiteElo "1590"]
[BlackElo "1510"]
[PlyCount "72"]

1.e4 Nf6 2.e5 Nd5 3.d4 d6 4.Bc4 dxe5 5.dxe5 e6 6.Nf3 Be7 7.O-O c6 8.Nbd2 
Nd7 9.Ne4 Qc7 10.Re1 Nxe5 11.Nxe5 Qxe5 12.Ng3 Qc7 13.Qf3 O-O 14.Bd2 b5 15.
Bd3 f5 16.Re2 Bf6 17.c3 Qf7 18.Rae1 Bd7 19.Nh5 Rae8 20.Nxf6+ Qxf6 21.Qh3 
g6 22.f4 h5 23.a3 Rf7 24.Re5 Qd8 25.c4 Qb6+ 26.Kh1 bxc4 27.Bxc4 Qxb2 28.
Bc1 Qf2 29.Bxd5 cxd5 30.Qc3 Qb6 31.Bb2 Rc8 32.Qd2 Rc4 33.g3 Kf8 34.Rd1 Re7
35.Bd4 Qb3 36.Re3 Qb7 1/2-1/2

[Event "R5"]
[Site "?"]
[Date "2002.12.08"]
[Round "3"]
[White "Alladaye, René"]
[Black "Jalras, Laurent"]
[Result "1-0"]
[WhiteElo "1710"]
[BlackElo "1690"]
[EventDate "2002.??.??"]
[PlyCount "53"]

1.Nf3 g6 2.d3 Bg7 3.g3 c6 4.Bg2 d5 5.Nbd2 e5 6.e4 d4 7.O-O Nf6 8.Nxe5 Nxe4
9.Nxf7 Kxf7 10.Nxe4 Bf5 11.Bg5 Qc7 12.Qf3 Rf8 13.g4 Kg8 14.gxf5 Rxf5 15.
Qe2 Nd7 16.Qd2 Nf6 17.Nxf6+ Bxf6 18.Bxf6 Rxf6 19.Qg5 Rf5 20.Qg3 Qd8 21.
Rae1 Rg5 22.Qf4 Rf5 23.Qg4 Rg5 24.Qe6+ Kh8 25.Qe7 Qd5 26.Qf6+ Kg8 27.Qe6+ 
1-0